Drug delivery : Principles and applications
Spremljeno u:
| Glavni autor: | |
|---|---|
| Format: | Knjiga |
| Jezik: | Undetermined |
| Izdano: |
New Jersey
Wiley
2005
|
| Teme: | |
| Oznake: |
Dodaj oznaku
Bez oznaka, Budi prvi tko označuje ovaj zapis!
|
| Thư viện lưu trữ: | Trung tâm Học liệu Trường Đại học Cần Thơ |
|---|
| LEADER | 00659nam a2200229Ia 4500 | ||
|---|---|---|---|
| 001 | CTU_123583 | ||
| 008 | 210402s9999 xx 000 0 und d | ||
| 020 | |c 1724000 | ||
| 082 | |a 615.6 | ||
| 082 | |b W246 | ||
| 100 | |a Wang, Binghe | ||
| 245 | 0 | |a Drug delivery : | |
| 245 | 0 | |b Principles and applications | |
| 245 | 0 | |c Binghe Wang, Teruna Siahaan, Richard Soltero | |
| 260 | |a New Jersey | ||
| 260 | |b Wiley | ||
| 260 | |c 2005 | ||
| 526 | |a Kỹ thuật dẫn truyền thuốc | ||
| 526 | |b CN636 | ||
| 650 | |a Drug delivery systems,Pharmaceutical chemistry | ||
| 904 | |i Tuyến | ||
| 980 | |a Trung tâm Học liệu Trường Đại học Cần Thơ | ||